[Event "20th 4NCL Congress"]
[Site "Nottingham"]
[Date "2018.09.29"]
[Round "2"]
[Board "1"]
[White "Cherupalli, Ramprasad"]
[Black "Cast, Julian"]
[Result "0-1"]
[WhiteElo "1825"]
[BlackElo "1975"]
[PlyCount "164"]
[EventDate "2018.09.28"]
[EventRounds "5"]
[EventCountry "ENG"]

1. Nf3 Nf6 2. g3 d6 3. Bg2 e5 4. d3 Be7 5. c4 Nc6 6. Nc3 O-O 7. a3 a5 8. Rb1 h6
9. b4 axb4 10. axb4 Be6 11. b5 Nb8 12. O-O Nbd7 13. Nd2 Nc5 14. Bb2 Qd7 15. Nb3
Nxb3 16. Qxb3 c6 17. e4 Nh5 18. Rbd1 Bh3 19. d4 Nf4 20. Bxh3 Nxh3+ 21. Kh1 exd4
22. Rxd4 Bf6 23. Rd2 Qe6 24. f3 Rfd8 25. Kg2 Ng5 26. Ne2 Bxb2 27. Nf4 Qf6 28.
Rxb2 Ne6 29. Nxe6 Qxe6 30. Rd1 Ra5 31. bxc6 bxc6 32. Qb6 Raa8 33. Qxc6 Rac8 34.
Qd5 Rxc4 35. Qxe6 fxe6 36. Rb6 Rc2+ 37. Kh3 d5 38. Rxe6 d4 39. Rd3 Rc3 40. Rxc3
dxc3 41. Rc6 Rd3 42. Kg4 Rd2 43. Rxc3 Rxh2 44. Rc7 g6 45. f4 Re2 46. Kf3 Re1
47. e5 h5 48. Kf2 Re4 49. Rc1 Kf7 50. Re1 Ra4 51. Re3 Ke6 52. Kf3 Ra1 53. Rb3
Re1 54. Rb6+ Kf7 55. Rf6+ Kg7 56. g4 hxg4+ 57. Kxg4 Rg1+ 58. Kf3 Re1 59. Ra6
Kf7 60. Ra3 Ke6 61. Kg4 Rg1+ 62. Rg3 Rf1 63. Kg5 Kf7 64. Ra3 Rg1+ 65. Kh4 Ke6
66. Rg3 Rh1+ 67. Kg5 Kf7 68. e6+ Kxe6 69. Kxg6 Rf1 70. Re3+ Kd7 71. f5 Rg1+ 72.
Kf7 Kd6 73. Re6+ Kd7 74. Ra6 Rg5 75. f6 Rg1 76. Ra7+ Kd8 77. Ra3 Kd7 78. Rd3+
Kc6 79. Kf8 Rg5 80. f7 Rg4 81. Rd8 Kc7 82. Rd3 Kc8 {This was a black win.}  0-1

[Event "20th 4NCL Congress"]
[Site "Nottingham"]
[Date "2018.09.29"]
[Round "2"]
[Board "2"]
[White "Bitlloch, Jordi"]
[Black "Molano Lafuente, Ismael"]
[Result "0-1"]
[WhiteElo "1765"]
[BlackElo "1968"]
[PlyCount "70"]
[EventDate "2018.09.28"]
[EventRounds "5"]
[EventCountry "ENG"]

1. e4 e5 2. Nf3 Nc6 3. Bb5 Nf6 4. O-O Nxe4 5. Bxc6 dxc6 6. Re1 Nd6 7. d4 Be7 8.
dxe5 Nf5 9. Qe2 Be6 10. Rd1 Qc8 11. Nbd2 O-O 12. Ne4 Bd5 13. Bf4 Qe6 14. b3 c5
15. c4 Bc6 16. Nfd2 Nd4 17. Qd3 Qg4 18. Bg3 Rad8 19. f3 Qg6 20. Rac1 h5 21. Qe3
h4 22. Bf2 Qf5 23. Nc3 Bg5 24. Qe1 h3 25. Bxd4 cxd4 26. Nce4 Be3+ 27. Kh1 hxg2+
28. Kxg2 Qxe5 29. Qg3 Bf4 30. Qh4 f5 31. Ng3 Rd6 32. Re1 Be3 33. Nh5 Rg6+ 34.
Kf1 f4 35. c5 Rg5  0-1

[Event "20th 4NCL Congress"]
[Site "Nottingham"]
[Date "2018.09.29"]
[Round "2"]
[Board "3"]
[White "Ireland, David J"]
[Black "Mcdonnell, James J"]
[Result "1/2-1/2"]
[WhiteElo "1892"]
[BlackElo "1835"]
[PlyCount "153"]
[EventDate "2018.09.28"]
[EventRounds "5"]
[EventCountry "ENG"]

1. e4 c5 2. Nc3 Nc6 3. Bb5 Nd4 4. Bc4 e6 5. Nf3 Ne7 6. Nxd4 cxd4 7. Ne2 Nc6 8.
d3 a6 9. a4 Be7 10. O-O O-O 11. f4 d6 12. Ng3 Kh8 13. Qh5 g6 14. Qe2 d5 15. Bb3
f5 16. Bd2 b6 17. Qf3 dxe4 18. dxe4 Qc7 19. Rad1 Bc5 20. Kh1 Re8 21. c3 Bb7 22.
cxd4 Bxd4 23. Bc3 Bg7 24. Rc1 Rac8 25. Rc2 Bxc3 26. Rxc3 Qg7 27. Rfc1 Nd4 28.
Rxc8 Rxc8 29. Rxc8+ Bxc8 30. Qc3 Bd7 31. e5 Nxb3 32. Qxb3 b5 33. axb5 axb5 34.
Qa3 Bc6 35. Qd6 Bd7 36. Ne2 Qf7 37. Nd4 Qe8 38. h3 Kg8 39. b4 Kf7 40. Kh2 Qe7
41. Qxe7+ Kxe7 42. Kg3 Kf7 43. Kf2 Ke7 44. Ke3 Kd8 45. Nb3 Bc6 46. g3 Bd5 47.
Nc5 Kc7 48. Kd4 Kc6 49. h4 Kc7 50. Nd3 Kc6 51. Nf2 Bg2 52. Nd1 Be4 53. Nc3 Bg2
54. Ke3 Kb6 55. Kf2 Bb7 56. Kg1 Bf3 57. Kh2 Kc6 58. Kh3 h5 59. Kh2 Kb6 60. Kg1
Kc6 61. Kf2 Bd5 62. Ke3 Bc4 63. Kd4 Kb6 64. Nd1 Bb3 65. Ne3 Kc6 66. Nf1 Bc4 67.
Ne3 Be2 68. Ng2 Bf3 69. Ne1 Be2 70. Ke3 Bc4 71. Kd4 Be2 72. Nc2 Bc4 73. Na3 Bf1
74. Nb1 Be2 75. Nd2 Bd1 76. Nf1 Be2 77. Ne3  1/2-1/2

[Event "20th 4NCL Congress"]
[Site "Nottingham"]
[Date "2018.09.29"]
[Round "2"]
[Board "4"]
[White "O'gorman, Brendan"]
[Black "Jamroz, Viktor"]
[Result "1-0"]
[WhiteElo "1706"]
[BlackElo "1863"]
[PlyCount "35"]
[EventDate "2018.09.28"]
[EventRounds "5"]
[EventCountry "ENG"]

1. c4 b6 2. Nc3 Bb7 3. e4 e6 4. Nf3 Bb4 5. Bd3 Ne7 6. O-O O-O 7. Bc2 f5 8. e5
d5 9. exd6 cxd6 10. d4 Bxc3 11. bxc3 Ng6 12. Ng5 Qf6 13. Re1 e5 14. d5 Bc8 15.
Ne6 Bxe6 16. dxe6 Na6 17. Qd5 Nc5 18. e7+  1-0

[Event "20th 4NCL Congress"]
[Site "Nottingham"]
[Date "2018.09.29"]
[Round "2"]
[Board "5"]
[White "Pink, Joshua"]
[Black "Goldrick, Thomas G"]
[Result "1-0"]
[WhiteElo "1857"]
[BlackElo "1805"]
[PlyCount "71"]
[EventDate "2018.09.28"]
[EventRounds "5"]
[EventCountry "ENG"]

1. d4 d5 2. c4 c6 3. Nc3 Nf6 4. Nf3 e6 5. Bg5 dxc4 6. e4 b5 7. e5 h6 8. Bh4 g5
9. Nxg5 hxg5 10. Bxg5 Nbd7 11. exf6 Qb6 12. g3 Bb7 13. Bg2 O-O-O 14. O-O c5 15.
d5 b4 16. Rb1 Nb8 17. Qg4 Bh6 18. dxe6 Qxe6 19. Qxe6+ fxe6 20. Bxb7+ Kxb7 21.
Ne4 Nd7 22. f4 Kc6 23. Rbd1 Bxg5 24. fxg5 Ne5 25. h4 Rd4 26. Rfe1 Kd5 27. Nxc5
Kxc5 28. Rxe5+ Kd6 29. Rde1 c3 30. bxc3 bxc3 31. Rxe6+ Kd5 32. R6e5+ Kd6 33.
Re6+ Kd5 34. R1e5+ Kc4 35. Rc6+ Kd3 36. Rec5  1-0

[Event "20th 4NCL Congress"]
[Site "Nottingham"]
[Date "2018.09.29"]
[Round "2"]
[Board "6"]
[White "Gillespie, David P"]
[Black "Di-Vetta, Andrew"]
[Result "1-0"]
[WhiteElo "1850"]
[BlackElo "1681"]
[PlyCount "117"]
[EventDate "2018.09.28"]
[EventRounds "5"]
[EventCountry "ENG"]

1. e4 c5 2. Nf3 d6 3. g3 Nc6 4. Bg2 g6 5. O-O Bg7 6. Re1 e5 7. d3 Nge7 8. c3
O-O 9. Na3 f5 10. Qb3+ d5 11. exd5 Qxd5 12. Qxd5+ Nxd5 13. Nxe5 Nxe5 14. Bxd5+
Kh8 15. d4 cxd4 16. cxd4 Nd3 17. Rd1 Rd8 18. Nb5 Nb4 19. Bg5 Rxd5 20. Nc7 Rb8
21. Bf4 Rd8 22. Nb5 Bd7 23. Bxb8 Bxb5 24. Bxa7 Nc2 25. Rac1 Nxd4 26. Bxd4 Bxd4
27. Rd2 Kg7 28. Rcd1 Bxf2+ 29. Kxf2 Ra8 30. b3 Bc6 31. a4 Ra5 32. Rd7+ Kh6 33.
Rc7 Rc5 34. Rd2 Rc3 35. Rb2 Rf3+ 36. Ke2 Be4 37. a5 g5 38. Rc4 Kh5 39. Ra4 Kg4
40. Ke1 h5 41. b4 Kh3 42. b5 Rd3 43. a6 bxa6 44. Rxa6 Rd7 45. b6 h4 46. gxh4
Kxh4 47. Ra7 Rd8 48. Ra4 Rb8 49. Kf2 Kg4 50. Ke3 Re8 51. b7 Rb8 52. Rxe4+ fxe4
53. Kxe4 Kh3 54. Kd5 g4 55. Kc6 Rh8 56. Kc7 Rh7+ 57. Kb6 Rh6+ 58. Ka7 Rh7 59.
Ka8  1-0

[Event "20th 4NCL Congress"]
[Site "Nottingham"]
[Date "2018.09.29"]
[Round "2"]
[Board "7"]
[White "Jacob, Sydney J"]
[Black "Lohia, Sohum"]
[Result "1/2-1/2"]
[WhiteElo "1838"]
[BlackElo "1316"]
[PlyCount "57"]
[EventDate "2018.09.28"]
[EventRounds "5"]
[EventCountry "ENG"]

1. d4 d5 2. c4 e6 3. Nc3 Nf6 4. cxd5 exd5 5. Bg5 Nbd7 6. e3 c6 7. Bd3 Be7 8.
Qc2 O-O 9. Nge2 Re8 10. h3 Nf8 11. Bf4 Ne6 12. Bh2 Bd6 13. Bxd6 Qxd6 14. O-O-O
a5 15. e4 dxe4 16. Nxe4 Nxe4 17. Bxe4 h6 18. Rhe1 Ng5 19. Bd3 Qd5 20. h4 Ne6
21. f4 Nc7 22. Nc3 Qd8 23. Rxe8+ Qxe8 24. Qd2 Nd5 25. Re1 Qd8 26. Nxd5 cxd5 27.
g3 Bd7 28. Kb1 Qf6 29. Re5  1/2-1/2

[Event "20th 4NCL Congress"]
[Site "Nottingham"]
[Date "2018.09.29"]
[Round "2"]
[Board "8"]
[White "Taylor, Robert K"]
[Black "Potter, Steven"]
[Result "1-0"]
[WhiteElo "1995"]
[BlackElo "1771"]
[PlyCount "69"]
[EventDate "2018.09.28"]
[EventRounds "5"]
[EventCountry "ENG"]

1. e4 e6 2. c4 b6 3. Nf3 Bb7 4. Nc3 Bb4 5. Qc2 Bxc3 6. bxc3 Qe7 7. Be2 c5 8.
O-O Nc6 9. d4 d6 10. e5 dxe5 11. d5 Na5 12. Qa4+ Kf8 13. Nxe5 Nf6 14. Bf4 exd5
15. Rfe1 Kg8 16. Bf3 Re8 17. Bg5 h6 18. Bxf6 gxf6 19. Nd3 Bc6 20. Qc2 Qd7 21.
Rxe8+ Qxe8 22. cxd5 Bb5 23. Re1 Qd7 24. Nf4 Nc4 25. Nh5 Kf8 26. Nxf6 Qd8 27.
Qf5 Nd6 28. Qe5 Nc4 29. Nd7+ Kg8 30. Qg3+ Qg5 31. Nf6+ Kf8 32. Qb8+ Kg7 33.
Nh5+ Kh7 34. Qxa7 Ne5 35. Be4+  1-0

[Event "20th 4NCL Congress"]
[Site "Nottingham"]
[Date "2018.09.29"]
[Round "2"]
[Board "9"]
[White "Whitehead, Mark A"]
[Black "Price, Andrew"]
[Result "1/2-1/2"]
[WhiteElo "1945"]
[BlackElo "1765"]
[PlyCount "61"]
[EventDate "2018.09.28"]
[EventRounds "5"]
[EventCountry "ENG"]

1. e4 e6 2. Qe2 c5 3. g3 Nc6 4. c3 g6 5. Bg2 Bg7 6. d3 Nge7 7. Nh3 O-O 8. O-O
Qc7 9. Be3 b6 10. f4 Bb7 11. Na3 Rad8 12. Bf2 d6 13. Nc2 Qc8 14. Rac1 a5 15.
Rfd1 Qa8 16. Ng5 Rfe8 17. Nf3 e5 18. fxe5 Nxe5 19. Nxe5 Bxe5 20. Ne3 Bg7 21.
Qc2 a4 22. Re1 b5 23. Rcd1 Rc8 24. Bh3 Rcd8 25. Bg2 a3 26. b3 Qa5 27. Rc1 Rc8
28. Bh3 Rcd8 29. Bg2 Rc8 30. Bh3 Rcd8 31. Bg2  1/2-1/2

[Event "20th 4NCL Congress"]
[Site "Nottingham"]
[Date "2018.09.29"]
[Round "2"]
[Board "10"]
[White "Ther, Mate"]
[Black "Bennett, Dominic L"]
[Result "0-1"]
[WhiteElo "1759"]
[BlackElo "1933"]
[PlyCount "94"]
[EventDate "2018.09.28"]
[EventRounds "5"]
[EventCountry "ENG"]

1. e4 d6 2. d4 Nd7 3. Nf3 c5 4. c4 g6 5. Nc3 Bg7 6. Be2 b6 7. O-O Bb7 8. Bf4
cxd4 9. Nxd4 Nc5 10. Bg5 Nxe4 11. Nxe4 Bxe4 12. Re1 h6 13. Bh4 h5 14. Bd3 Bxd3
15. Qxd3 Bxd4 16. Qxd4 Rh7 17. Rad1 Kf8 18. Re3 f6 19. Qe4 Rg7 20. h3 Rc8 21.
b4 Qd7 22. Rc3 Nh6 23. Rf3 Nf5 24. Bg3 Nxg3 25. Rxg3 f5 26. Qf4 Qe6 27. Rc1 Qf6
28. Ra3 e5 29. Qd2 Rd8 30. Qc3 Rgd7 31. Rd1 Kg7 32. Rd5 e4 33. Qg3 Rc8 34. Qb3
Re7 35. Ra6 f4 36. c5 dxc5 37. bxc5 e3 38. Qd1 exf2+ 39. Kxf2 Qh4+ 40. Kf1 Rce8
41. Rd7 f3 42. Raxa7 Qc4+ 43. Kg1 f2+ 44. Kxf2 Qxc5+ 45. Kg3 Qe5+ 46. Kf2 Qe3+
47. Kf1 Rf8+  0-1

[Event "20th 4NCL Congress"]
[Site "Nottingham"]
[Date "2018.09.29"]
[Round "2"]
[Board "11"]
[White "Sudar, Dragoljub"]
[Black "Homer, Neil S"]
[Result "1-0"]
[WhiteElo "1922"]
[BlackElo "1746"]
[PlyCount "72"]
[EventDate "2018.09.28"]
[EventRounds "5"]
[EventCountry "ENG"]

1. e4 c6 2. d4 d5 3. Nc3 dxe4 4. Nxe4 Bf5 5. Ng3 Bg6 6. Nf3 Nd7 7. Bd3 e6 8.
O-O Ngf6 9. Re1 Be7 10. c3 Qc7 11. Ne5 Bxd3 12. Qxd3 Nxe5 13. dxe5 Rd8 14. Qe2
Nd7 15. f4 O-O 16. Be3 Rfe8 17. Rad1 Bh4 18. Qg4 Bxg3 19. Qxg3 Nf8 20. Qf2 b6
21. b4 Rxd1 22. Rxd1 Rd8 23. Qe2 Rxd1+ 24. Qxd1 Qd7 25. Qxd7 Nxd7 26. Kf2 Kf8
27. a4 a6 28. Ke2 b5 29. axb5 cxb5 30. Kd3 Ke8 31. c4 bxc4+ 32. Kxc4 Kd8 33.
Bc5 Kc7 34. g4 g6 35. b5 axb5+ 36. Kxb5 Nb8 {Remaining moves unclear.}  1-0

[Event "20th 4NCL Congress"]
[Site "Nottingham"]
[Date "2018.09.29"]
[Round "2"]
[Board "12"]
[White "Graham, Neil"]
[Black "Vann, Richard P"]
[Result "1/2-1/2"]
[WhiteElo "1779"]
[BlackElo "1915"]
[PlyCount "48"]
[EventDate "2018.09.28"]
[EventRounds "5"]
[EventCountry "ENG"]

1. d4 b6 2. Bg5 Bb7 3. Nd2 c5 4. e3 Nf6 5. Ngf3 e6 6. Bd3 Be7 7. c3 h6 8. Bxf6
Bxf6 9. Ne4 Be7 10. dxc5 bxc5 11. Bc2 Qc7 12. O-O O-O 13. Qd3 f5 14. Ned2 e5
15. e4 f4 16. Bb3+ Kh7 17. Bd5 d6 18. Bxb7 $11 Qxb7 19. b3 Nd7 20. Nc4 Qc6 21.
Rad1 Rad8 22. Rfe1 Nf6 23. Na5 Qb6 24. Nc4 Qa6  1/2-1/2

[Event "20th 4NCL Congress"]
[Site "Nottingham"]
[Date "2018.09.29"]
[Round "2"]
[Board "13"]
[White "Dunkley, Michael"]
[Black "Reed, John"]
[Result "1/2-1/2"]
[WhiteElo "1734"]
[BlackElo "1902"]
[PlyCount "58"]
[EventDate "2018.09.28"]
[EventRounds "5"]
[EventCountry "ENG"]

1. d4 d5 2. Nf3 Nc6 3. Bf4 Bg4 4. Nbd2 e6 5. e3 Bd6 6. Be2 Bxf4 7. exf4 Qd6 8.
c3 Nf6 9. g3 h6 10. Ne5 Bxe2 11. Qxe2 O-O 12. g4 Ne7 13. g5 hxg5 14. fxg5 Nd7
15. f4 c5 16. dxc5 Nxc5 17. O-O-O Rac8 18. Kb1 Qb6 19. Rhf1 Na4 20. Nb3 Rfd8
21. Rd4 Nc5 22. Rb4 Qd6 23. Nxc5 Qxc5 24. Rxb7 Rb8 25. Rxb8 Rxb8 26. Nd7 Qb5
27. Qxb5 Rxb5 28. Ne5 Nf5 29. a4 Rc5  1/2-1/2

[Event "20th 4NCL Congress"]
[Site "Nottingham"]
[Date "2018.09.29"]
[Round "2"]
[Board "14"]
[White "Towers, Brian"]
[Black "Ansari, Athar"]
[Result "0-1"]
[WhiteElo "1727"]
[BlackElo "1888"]
[PlyCount "124"]
[EventDate "2018.09.28"]
[EventRounds "5"]
[EventCountry "ENG"]

1. d4 Nf6 2. Bf4 e6 3. Nf3 Be7 4. e3 Nh5 5. Bg3 Nxg3 6. hxg3 b6 7. c3 Bb7 8.
Bd3 h6 9. Nbd2 c5 10. Qe2 Nc6 11. a4 cxd4 12. exd4 d5 13. O-O O-O 14. Nh2 Qd6
15. f4 a5 16. Ndf3 Qc7 17. Ne5 Nxe5 18. fxe5 Qc8 19. Nf3 Ba6 20. Rfc1 Bxd3 21.
Qxd3 Qd7 22. b3 Rab8 23. Qb5 Rb7 24. c4 Rd8 25. Rc2 f6 26. Rac1 dxc4 27. Qxc4
f5 28. Qc6 Kf7 29. Qxd7 Rdxd7 30. Rc6 g5 31. R1c4 g4 32. Ne1 b5 33. axb5 Rxb5
34. Nd3 Bg5 35. Nc5 Be3+ 36. Kh2 Rxd4 37. Nxe6 Rxc4 38. bxc4 Rxe5 39. Nf4 Rc5
40. Ra6 Bxf4 41. gxf4 Rxc4 42. Rxa5 Rxf4 43. Ra6 Kg7 44. Rb6 Rd4 45. Kg3 Rd7
46. Ra6 Rf7 47. Kf4 Rf6 48. Ra5 Kg6 49. Rb5 Rc6 50. Ra5 Rc4+ 51. Kg3 Kg5 52.
Rb5 Rc3+ 53. Kh2 Kh4 54. Rb4 h5 55. Rf4 Kg5 56. Rf1 h4 57. Ra1 Rc2 58. Kg1 g3
59. Kf1 Kg4 60. Ra8 Kf4 61. Ra4+ Ke3 62. Ra3+ Kd2  0-1

[Event "20th 4NCL Congress"]
[Site "Nottingham"]
[Date "2018.09.29"]
[Round "2"]
[Board "15"]
[White "Connor, Michael I"]
[Black "Hughes, Peter"]
[Result "0-1"]
[WhiteElo "1705"]
[BlackElo "1874"]
[PlyCount "86"]
[EventDate "2018.09.28"]
[EventRounds "5"]
[EventCountry "ENG"]

1. d4 f5 2. g4 fxg4 3. h3 d5 4. Nc3 Nf6 5. Bf4 g6 6. Bg2 Bg7 7. hxg4 Bxg4 8. f3
Be6 9. Qd3 Nc6 10. a3 a6 11. Nh3 Nh5 12. e3 Bf5 13. Qd2 Bxh3 14. Bxc7 Qxc7 15.
Rxh3 O-O-O 16. O-O-O Kb8 17. Qd3 e6 18. Na4 Rhe8 19. Kb1 Bf8 20. Ka2 Qa5 21.
Qb3 Qb5 22. Rd3 Qxb3+ 23. Rxb3 Na5 24. Rd3 Nc4 25. b4 Rc8 26. c3 Rc7 27. Rh1
Ng3 28. Re1 Nf5 29. e4 Nfd6 30. Nc5 Rf7 31. Bh3 dxe4 32. Nxe4 Nxe4 33. Rxe4
Rfe7 34. Kb3 Nd6 35. Re1 Nf5 36. c4 Bg7 37. Re4 Bf6 38. c5 Rd8 39. Kc4 Kc7 40.
a4 Red7 41. Bxf5 exf5 42. Re6 Rxd4+ 43. Rxd4 Rxd4+  0-1

[Event "20th 4NCL Congress"]
[Site "Nottingham"]
[Date "2018.09.29"]
[Round "2"]
[Board "16"]
[White "Ruane, Brendan J"]
[Black "Sheikh, Nasarullah"]
[Result "1-0"]
[WhiteElo "1871"]
[BlackElo "1701"]
[PlyCount "39"]
[EventDate "2018.09.28"]
[EventRounds "5"]
[EventCountry "ENG"]

1. e4 Nf6 2. d3 e5 3. g3 d5 4. Qe2 Nc6 5. c3 dxe4 6. dxe4 Bc5 7. h3 Be6 8. Bg2
Qd7 9. Nd2 O-O-O 10. Nf1 Bc4 11. Qd2 Qe6 12. Qc2 Bd3 13. Qa4 Nd7 14. b4 Nb6 15.
Qb3 Bc4 16. Qb2 Na4 17. Qc2 Nxb4 18. cxb4 Bxf1 19. Kxf1 Qc4+ 20. Qxc4  1-0

[Event "20th 4NCL Congress"]
[Site "Nottingham"]
[Date "2018.09.29"]
[Round "2"]
[Board "17"]
[White "Bowers, Francis J"]
[Black "Webster, Vivien"]
[Result "1-0"]
[WhiteElo "1864"]
[BlackElo "1727"]
[PlyCount "59"]
[EventDate "2018.09.28"]
[EventRounds "5"]
[EventCountry "ENG"]

1. e4 b6 2. Nf3 Bb7 3. Nc3 e6 4. d3 Be7 5. Be2 Nf6 6. O-O O-O 7. h3 Nc6 8. Bf4
d6 9. Qd2 e5 10. Bh2 Nd4 11. Nd1 Nxe2+ 12. Qxe2 h6 13. Ne3 Bc8 14. Nd2 Nh7 15.
f4 exf4 16. Bxf4 Bg5 17. Qf3 Bxf4 18. Qxf4 Be6 19. Nf3 Qf6 20. Qxf6 Nxf6 21.
Nd4 Bd7 $11 22. Nef5 Rae8 23. Nxh6+ Kh7 24. Nhf5 Rh8 25. Rf3 Kg8 26. Raf1 Re5
27. Nxg7 c5 28. Ndf5 d5 29. Rg3 dxe4 30. Ne6+  1-0

[Event "20th 4NCL Congress"]
[Site "Nottingham"]
[Date "2018.09.29"]
[Round "2"]
[Board "18"]
[White "Davies, Sam"]
[Black "Goodwin, Ed H"]
[Result "1/2-1/2"]
[WhiteElo "1698"]
[BlackElo "1847"]
[PlyCount "67"]
[EventDate "2018.09.28"]
[EventRounds "5"]
[EventCountry "ENG"]

1. e4 c5 2. Nc3 e6 3. g3 d5 4. d3 Nc6 5. f4 Nf6 6. Nf3 dxe4 7. dxe4 Qxd1+ 8.
Kxd1 b6 9. Bb5 Bb7 10. Ne5 O-O-O+ 11. Ke1 Nxe5 12. fxe5 Nxe4 13. Nxe4 Bxe4 14.
Rf1 Bg6 15. c3 Be7 16. a4 a5 17. Bf4 Bd3 18. Bxd3 Rxd3 19. Ke2 Rhd8 20. Rad1
Rxd1 21. Rxd1 Rxd1 22. Kxd1 Kd7 23. c4 f6 24. b3 fxe5 25. Bxe5 Bf6 26. Bb8 h5
27. Ke2 Be7 28. Be5 g6 29. Kf3 Bd6 30. Bb2 h4 31. gxh4 Bxh2 32. Bf6 Bd6 33. Bc3
Be7 34. Be1  1/2-1/2

[Event "20th 4NCL Congress"]
[Site "Nottingham"]
[Date "2018.09.29"]
[Round "2"]
[Board "19"]
[White "John, Adam"]
[Black "Smith, Lynda"]
[Result "1-0"]
[WhiteElo "1585"]
[BlackElo "1836"]
[PlyCount "169"]
[EventDate "2018.09.28"]
[EventRounds "5"]
[EventCountry "ENG"]

1. e4 c5 2. g3 e6 3. d3 d5 4. Nd2 g6 5. Bg2 Ne7 6. Ngf3 Bg7 7. O-O O-O 8. Re1
Nbc6 9. Qe2 b6 10. Nf1 Ba6 11. e5 h6 12. h4 Nf5 13. c3 Rc8 14. N1h2 b5 15. Bf4
b4 16. Qd2 Kh7 17. Ng4 c4 18. d4 bxc3 19. bxc3 Qe7 20. Rab1 Nb8 21. Kh2 Nd7 22.
Rh1 Qe8 23. Kg1 h5 24. Ne3 Nxe3 25. Qxe3 Rb8 26. Ra1 Rb2 27. Qc1 Qb8 28. Ng5+
Kg8 29. Bf3 Qb6 30. Be3 Rb8 31. Kg2 Qa5 32. a3 Bf8 33. Bd2 R2b3 34. a4 Qb6 35.
Qd1 f6 36. exf6 Nxf6 37. Re1 Re8 38. Nh3 Qb7 39. Qc2 Qf7 40. Ng5 Qg7 41. Nxe6
Qf7 42. Nxf8 Rxf8 43. Bh6 Rfb8 44. Rab1 Bc8 45. Rxb3 cxb3 46. Qb2 Ng4 47. Bg5
Rb7 48. Bf4 Bd7 49. Ra1 Bf5 50. Bd1 Qe6 51. Bxb3 Qe4+ 52. Kg1 Qf3 53. Bd1 Qxg3+
54. fxg3 Rxb2 55. Bf3 Be4 56. Bxe4 dxe4 57. Re1 Rc2 58. Rxe4 Rxc3 59. Re6 Kf7
60. Ra6 Ke8 61. Rxa7 Rd3 62. a5 Rxd4 63. Rg7 Ra4 64. Bc7 Ra1+ 65. Kg2 Ra2+ 66.
Kf3 Rf2+ 67. Ke4 Re2+ 68. Kd5 Nf6+ 69. Kc6 Rc2+ 70. Kb7 Rb2+ 71. Ka7 Nd5 72. a6
Ne7 73. Ka8 Rb3 74. Bd6 Nc8 75. Bc5 Rb5 76. Be3 Rb3 77. Bd4 Rb4 78. Ba7 Rg4 79.
Bb8 Ne7 80. Bc7 Rc4 81. Kb7 Rb4+ 82. Bb6 Nd5 83. Rxg6 Kf7 84. Rd6 Rb5 85. a7
 1-0

[Event "20th 4NCL Congress"]
[Site "Nottingham"]
[Date "2018.09.29"]
[Round "2"]
[Board "20"]
[White "Wang, Susie"]
[Black "Bagley, Andy J"]
[Result "0-1"]
[WhiteElo "1490"]
[BlackElo "1829"]
[PlyCount "106"]
[EventDate "2018.09.28"]
[EventRounds "5"]
[EventCountry "ENG"]

1. e4 e6 2. d4 d5 3. Nc3 Nf6 4. e5 Nfd7 5. Nce2 c5 6. c3 Nc6 7. f4 Qb6 8. Nf3
f6 9. g3 cxd4 10. cxd4 Bb4+ 11. Bd2 fxe5 12. fxe5 O-O 13. Qb3 Rxf3 14. Qxf3
Nxd4 15. Nxd4 Bxd2+ 16. Kxd2 Qxd4+ 17. Kc2 Nxe5 18. Qf4 Qxf4 19. gxf4 Ng6 20.
f5 exf5 21. Rd1 Be6 22. Rd4 Kf7 23. Bg2 Ne7 24. h4 g6 25. Kd2 Nc6 26. Rf4 h6
27. Re1 g5 28. hxg5 hxg5 29. Bxd5 Rd8 30. Rxf5+ Kg6 31. Rf3 Rxd5+ 32. Rd3 Rxd3+
33. Kxd3 Bxa2 34. Kc3 Bd5 35. Rd1 Be6 36. Rf1 Bf5 37. Kc4 g4 38. Kd5 Kg5 39.
Kd6 g3 40. Rg1 Kg4 41. Kc7 Be4 42. Kxb7 a5 43. Rf1 g2 44. Rf8 Ne7+ 45. Ka6 g1=Q
46. Kxa5 Qc5+ 47. Ka6 Qc6+ 48. Ka5 Bd3 49. Rb8 Qc7+ 50. Rb6 Nc6+ 51. Ka4 Qxb6
52. Ka3 Qb4+ 53. Ka2 Qa4#  0-1

[Event "20th 4NCL Congress"]
[Site "Nottingham"]
[Date "2018.09.29"]
[Round "2"]
[Board "21"]
[White "Chen, Daniel Xingyu"]
[Black "Somton, Anita"]
[Result "0-1"]
[WhiteElo "1248"]
[BlackElo "1787"]
[PlyCount "104"]
[EventDate "2018.09.28"]
[EventRounds "5"]
[EventCountry "ENG"]

1. e4 c6 2. d4 d5 3. e5 Bf5 4. Nf3 h6 5. Be3 e6 6. Be2 Nd7 7. Nbd2 Qc7 8. O-O
a6 9. c4 dxc4 10. Bxc4 Nb6 11. Bb3 Ne7 12. Rc1 Ned5 13. Nc4 Nxc4 14. Bxc4 Nxe3
15. fxe3 Be7 16. Re1 Rd8 17. a4 O-O 18. Qb3 Be4 19. Nd2 Bd5 20. Bxd5 exd5 21.
Red1 Bg5 22. Nf3 Be7 23. Nd2 Qd7 24. e4 Bg5 25. exd5 Qxd5 26. Qxd5 Rxd5 27. Rc4
Rxd4 28. Rxd4 Be3+ 29. Kf1 Bxd4 30. Nc4 c5 31. b4 b5 32. bxc5 Bxc5 33. axb5
axb5 34. Rd5 Rc8 35. Nd6 Bxd6 36. exd6 b4 37. Rb5 Rd8 38. Rxb4 Rxd6 39. Ke2 f6
40. Re4 Kf7 41. Kf3 Re6 42. Rd4 f5 43. g4 fxg4+ 44. Rxg4 Rf6+ 45. Rf4 Rxf4+ 46.
Kxf4 Kf6 47. h4 g6 48. Kg4 Ke5 49. Kg3 Kf5 50. Kf3 h5 51. Kg3 Ke4 52. Kh2 Kf3
 0-1

[Event "20th 4NCL Congress"]
[Site "Nottingham"]
[Date "2018.09.29"]
[Round "2"]
[Board "22"]
[White "Murphy, Ross"]
[Black "Robinson, John K"]
[Result "0-1"]
[WhiteElo "1652"]
[BlackElo "1990"]
[PlyCount "144"]
[EventDate "2018.09.28"]
[EventRounds "5"]
[EventCountry "ENG"]

1. Nf3 Nf6 2. g3 d5 3. Bg2 c6 4. O-O Bg4 5. h3 Bh5 6. d4 Bxf3 7. Bxf3 Nbd7 8.
Bf4 e6 9. Nd2 Be7 10. e4 dxe4 11. Nxe4 Nxe4 12. Bxe4 Nf6 13. Bg2 O-O 14. c4 Qb6
15. Re1 Rfe8 16. Rb1 Rad8 17. Be3 Qa6 18. Qe2 h6 19. g4 Bb4 20. Red1 Nd5 21. h4
Bd6 22. Bxd5 exd5 23. g5 Bf4 24. Qf3 hxg5 25. hxg5 Bxe3 26. fxe3 Qxc4 27. Rbc1
Qxa2 28. Rf1 Re7 29. Rf2 Qb3 30. Rc3 Qb4 31. Rh2 Re4 32. Qh3 Kf8 33. Qh8+ Ke7
34. Qxg7 Qd6 35. Rg2 Qg6 36. Qxg6 fxg6 37. Rb3 Rd7 38. Kf1 Ke6 39. Kf2 Kf5 40.
Kf3 Rh7 41. Rg3 Ree7 42. Ra3 a6 43. Ra1 Rh5 44. Rag1 Rh2 45. Rg4 Re4 46. R4g2
Reh4 47. b4 Rxg2 48. Rxg2 Rh5 49. Ke2 Rxg5 50. Rf2+ Ke6 51. Rf8 Kd7 52. Rf7+
Kc8 53. Rg7 Kb8 54. Kd3 Ka7 55. Kc3 Rg3 56. Kd3 Kb6 57. Kd2 Rg2+ 58. Kd3 g5 59.
Kc3 g4 60. Kd3 g3 61. e4 dxe4+ 62. Kxe4 Rb2 63. Rxg3 Rxb4 64. Rg7 a5 65. Ke5
Rb5+ 66. Ke4 a4 67. Rg1 Rb3 68. Rg6 Ka5 69. Rg8 b5 70. Rg6 Rc3 71. Rg8 a3 72.
Ra8+ Kb4  0-1

[Event "20th 4NCL Congress"]
[Site "Nottingham"]
[Date "2018.09.29"]
[Round "2"]
[Board "23"]
[White "Gibbs, Dominic V"]
[Black "Livesey, R  Nigel"]
[Result "1-0"]
[WhiteElo "1983"]
[BlackElo "1758"]
[PlyCount "89"]
[EventDate "2018.09.28"]
[EventRounds "5"]
[EventCountry "ENG"]

1. d4 e6 2. e4 d5 3. Nd2 a6 4. Ngf3 Nc6 5. c3 Nf6 6. Bd3 Be7 7. O-O O-O 8. e5
Ne8 9. Ne1 f6 10. f4 fxe5 11. fxe5 Rxf1+ 12. Nxf1 g6 13. Qg4 Ng7 14. Nf3 Bd7
15. Ne3 Qe8 16. Qh3 Nd8 17. Ng4 Bb5 18. Bc2 Be2 19. Nh6+ Kh8 20. Ng5 Bxg5 21.
Bxg5 Nf7 22. Bf6 Nxh6 23. Qxh6 Qf7 24. Re1 Bb5 25. a4 Bd7 26. Rf1 Kg8 27. g4 b5
28. Bd8 Qxf1+ 29. Kxf1 Rxd8 30. a5 b4 31. Bd3 bxc3 32. bxc3 Rb8 33. h4 Bb5 34.
Ke2 Bxd3+ 35. Kxd3 Rb5 36. Qg5 Rb1 37. Qd8+ Kf7 38. Qxc7+ Kf8 39. Qd6+ Kf7 40.
Qxa6 h5 41. Qa7+ Kf8 42. Qc5+ Kf7 43. Qc7+ Kf8 44. gxh5 gxh5 45. a6  1-0